Sports Quiz

Random Sports or NBA Quiz
Score 0/100 Timer 10:00
0 Plays Today
Hint Answer % Correct
GamesLarry Bird
98.6%
2-ptsLarry Bird
98.6%
3-ptsLarry Bird
98.6%
FTLarry Bird
98.6%
ReboundsLarry Bird
98.6%
AssistsLarry Bird
98.6%
StealsLarry Bird
98.6%
BlocksLarry Bird
98.6%
PointsLarry Bird
98.6%
PERLarry Bird
98.6%
GamesPaul Pierce
98.3%
2-ptsPaul Pierce
98.3%
3-ptsPaul Pierce
98.3%
FTPaul Pierce
98.3%
ReboundsPaul Pierce
98.3%
AssistsPaul Pierce
98.3%
StealsPaul Pierce
98.3%
BlocksPaul Pierce
98.3%
PointsPaul Pierce
98.3%
PERPaul Pierce
98.3%
GamesBill Russell
97.6%
2-ptsBill Russell
97.6%
FTBill Russell
97.6%
ReboundsBill Russell
97.6%
AssistsBill Russell
97.6%
PointsBill Russell
97.6%
PERBill Russell
97.6%
3-ptsRay Allen
96.9%
GamesRobert Parish
95.9%
2-ptsRobert Parish
95.9%
FTRobert Parish
95.9%
ReboundsRobert Parish
95.9%
StealsRobert Parish
95.9%
BlocksRobert Parish
95.9%
Hint Answer % Correct
BlocksKevin Garnett
95.9%
PointsRobert Parish
95.9%
PERKevin Garnett
95.9%
PERRobert Parish
95.9%
GamesJohn Havlicek
94.5%
GamesKevin McHale
94.5%
2-ptsJohn Havlicek
94.5%
2-ptsKevin McHale
94.5%
FTJohn Havlicek
94.5%
FTKevin McHale
94.5%
ReboundsJohn Havlicek
94.5%
ReboundsKevin McHale
94.5%
AssistsJohn Havlicek
94.5%
BlocksKevin McHale
94.5%
PointsJohn Havlicek
94.5%
PointsKevin McHale
94.5%
PERKevin McHale
94.5%
AssistsRajon Rondo
94.2%
StealsRajon Rondo
94.2%
GamesBob Cousy
91.1%
2-ptsBob Cousy
91.1%
FTBob Cousy
91.1%
AssistsBob Cousy
91.1%
PointsBob Cousy
91.1%
PERBob Cousy
91.1%
GamesSam Jones
82.9%
2-ptsSam Jones
82.9%
FTSam Jones
82.9%
AssistsK.C. Jones
82.9%
PointsSam Jones
82.9%
3-ptsIsaiah Thomas
79.5%
PERIsaiah Thomas
79.5%
2-ptsDave Cowens
77.5%
ReboundsDave Cowens
77.5%
Hint Answer % Correct
AssistsDave Cowens
77.5%
StealsDave Cowens
77.5%
BlocksDave Cowens
77.5%
PointsDave Cowens
77.5%
3-ptsAntoine Walker
75.1%
ReboundsAntoine Walker
75.1%
StealsAntoine Walker
75.1%
PERKyrie Irving
74.1%
AssistsDennis Johnson
73.4%
StealsDennis Johnson
73.4%
BlocksKendrick Perkins
73.4%
2-ptsJo Jo White
72.4%
AssistsJo Jo White
72.4%
PointsJo Jo White
72.4%
StealsDee Brown
67.9%
3-ptsDanny Ainge
65.9%
StealsDanny Ainge
65.9%
ReboundsTom Heinsohn
61.4%
3-ptsMarcus Smart
57.3%
3-ptsAvery Bradley
51.9%
StealsReggie Lewis
50.9%
BlocksReggie Lewis
50.9%
FTBill Sharman
47.8%
FTCedric Maxwell
47.4%
BlocksCedric Maxwell
47.4%
GamesTom Sanders
32.8%
ReboundsTom Sanders
32.8%
GamesDon Nelson
30.4%
PEREd Macauley
24.2%
3-ptsDana Barros
16.4%
BlocksTony Battie
15.7%
3-ptsWalter McCarty
7.2%
Remove Ads.
Support Sporcle.
Get the best of Sporcle when you Go Orange. This ad-free experience offers more features, more stats, and more fun while also helping to support Sporcle. Thank you for becoming a member.

You're not logged in!

Compare scores with friends on all Sporcle quizzes.
OR
Log In

Show Comments

Extras

Top Quizzes Today


Score Distribution

Your Account Isn't Verified!

In order to create a playlist on Sporcle, you need to verify the email address you used during registration. Go to your Sporcle Settings to finish the process.

Report this User

Report this user for behavior that violates our Community Guidelines.

Details: